000 00321nam a22001457a 4500
020 _a978-8121925242
041 _aENG
100 _aKhurmi .R.S
245 _aTheory of Machines
260 _aDelhi
_bEurasia Publishing House
_c1976
300 _a1071
650 _aFMP
700 _aJ.K Gupta
856 _uFMP ( 16 )
999 _c1377
_d1377